McLeod v Butterwick: Khazanchi and another v Faircharm Investments Ltd and another (Record no. 56701)
[ view plain ]
| 000 -LEADER | |
|---|---|
| fixed length control field | 01870cab a2200313 4500 |
| 001 - CONTROL NUMBER | |
| control field | ABS59692 |
| 008 - FIXED-LENGTH DATA ELEMENTS--GENERAL INFORMATION | |
| fixed length control field | 090401t1998 xxu||||| |||| 00| 0 eng d |
| 035 ## - SYSTEM CONTROL NUMBER | |
| System control number | (Sirsi) u89592 |
| 041 ## - LANGUAGE CODE | |
| Language code of text/sound track or separate title | eng |
| 245 ## - TITLE STATEMENT | |
| Title | McLeod v Butterwick: Khazanchi and another v Faircharm Investments Ltd and another |
| 260 ## - PUBLICATION, DISTRIBUTION, ETC. | |
| Date of publication, distribution, etc. | 1998 |
| 350 ## - PRICE (NR) (BK AM CF MU VM SE) [OBSOLETE] | |
| Price | 0 |
| 490 ## - SERIES STATEMENT | |
| Series statement | Weekly Law Reports |
| Volume/sequential designation | [1998] 1 WLR 1603-1629(27) |
| 520 ## - SUMMARY, ETC. | |
| Summary, etc. | CA 17 March 1998. In the first case, the sheriff had no written walking possesssion agreement. He broke into the plaintiffs house, removed goods and then installed new locks. The plaintiff appealed against the judges decision not to impose an injunction to restrain the sheriff from selling the goods. In the second case, the bailiff, after entering into a walking possession agreement, forced entry, removed the goods and then installed new locks. The tenants appealed against the county court decision that the forced entry was lawful. "Held" a bailiff or sheriffwas not entitled, after impounding forcibly, to re-enter premises except where he was expelled by force or had been deliberately excluded by the tenant. A locked door was not sufficient to justify a forcible re-entry. Although the forcible re-entry was unlawful in both cases the appeals were dismissed. The sheriff was in lawful possession of the goods and entitled to sell them. The tenants had not proved any recoverable damage. |
| 650 ## - SUBJECT ADDED ENTRY--TOPICAL TERM | |
| Topical term or geographic name entry element | ABINGDON DC V O`GORMAN |
| 650 ## - SUBJECT ADDED ENTRY--TOPICAL TERM | |
| Topical term or geographic name entry element | BAILIFFS |
| 650 ## - SUBJECT ADDED ENTRY--TOPICAL TERM | |
| Topical term or geographic name entry element | BANNISTER V HYDE |
| 650 ## - SUBJECT ADDED ENTRY--TOPICAL TERM | |
| Topical term or geographic name entry element | DAMAGES |
| 650 ## - SUBJECT ADDED ENTRY--TOPICAL TERM | |
| Topical term or geographic name entry element | DISTRESS FOR RENT ACT 1737 |
| 650 ## - SUBJECT ADDED ENTRY--TOPICAL TERM | |
| Topical term or geographic name entry element | DISTRESS FOR RENT |
| 650 ## - SUBJECT ADDED ENTRY--TOPICAL TERM | |
| Topical term or geographic name entry element | EAGLETON V GUTTERIDGE |
| 650 ## - SUBJECT ADDED ENTRY--TOPICAL TERM | |
| Topical term or geographic name entry element | FORCIBLE ENTRY |
| 650 ## - SUBJECT ADDED ENTRY--TOPICAL TERM | |
| Topical term or geographic name entry element | MCLEOD V BUTTERWICK |
| 650 ## - SUBJECT ADDED ENTRY--TOPICAL TERM | |
| Topical term or geographic name entry element | WALKING POSSESSION AGREEMENTS |
| 650 ## - SUBJECT ADDED ENTRY--TOPICAL TERM | |
| Topical term or geographic name entry element | WRIT OF FIERI FACIAS |
| 690 ## - LOCAL SUBJECT ADDED ENTRY--TOPICAL TERM (OCLC, RLIN) | |
| Topical term or geographic name as entry element | LANDLORD AND TENANT-CASE LAW |
| 942 ## - ADDED ENTRY ELEMENTS (KOHA) | |
| Suppress in OPAC | 0 |
| 948 ## - LOCAL PROCESSING INFORMATION (OCLC); SERIES PART DESIGNATOR (RLIN) | |
| c (OCLC) | 10/11/1998 |
| Withdrawn status | Lost status | Source of classification or shelving scheme | Damaged status | Not for loan | Home library | Current library | Shelving location | Date acquired | Total Checkouts | Full call number | Barcode | Date last seen | Copy number | Price effective from | Koha item type |
|---|---|---|---|---|---|---|---|---|---|---|---|---|---|---|---|
| Dewey Decimal Classification | London | London | Journal article | 14/09/1999 | ABS59692 | 89592-1001 | 06/08/2019 | 1 | 06/08/2019 | Law report |